Name as many anime Mcs as you can - Statistics

General Stats
  • This quiz has been taken 60 times
  • The average score is 40 of 81
Answer Stats
Hint Answer % Correct
One Piece Monkey D. Luffy
98%
Attack On Titan Eren Yeager
96%
Naruto Naruto Uzumaki
95%
Dragon Ball Goku/Kakarot
93%
Death Note Light Yagami
87%
One Punch Man Saitama
85%
Demon Slayer Tanjiro Kamado
85%
My Hero Academia Izuku Midoriya
84%
Jujutsu Kaisen Yuji Itadori
84%
Pokemon Ash
82%
Demon Slayer Nezuko Kamado
82%
Hunter X Hunter Gon Freecs
80%
Bleach Ichigo Kurosaki
80%
Spy X Family Anya
78%
Chainsaw Man Denji
78%
Frieren:Beyond Journey's end Frieren
78%
Spy X Family Yor
78%
Boruto: Naruto NextGenerations Boruto Uzumaki
71%
Spy X Family Loid
71%
Tokyo Ghoul Ken Kaneki
67%
The disastrous life of Saiki K Kusuo Saiki
67%
Beserk Guts
65%
Mob Psycho 100 Mob
62%
Code Geass Lelouch
60%
Black Clover Asta
58%
Baki Baki Hanma
58%
Dandadan Momo Ayase
58%
Fairytail Natsu Dragneel
58%
Haikyuu Shoyo Hinata
58%
Kuroko's Basketball Tetsuya Kuroko
58%
Yu-Gi-Oh Yugi Mutou
58%
JJBA Jotaro Kujo
56%
My Dress Up Darling Wakana Gojo
56%
Sword Art Online Kirito
53%
Fullmetal Alchemist Edward Elric
51%
Dandadan Ken Takakura
51%
Dr. Stone Senku Ishigami
49%
Inuyasha Inuyasha
47%
The Apothecary Diaries Maomao
47%
Assassination Classroom Nagisa
45%
Evangelion Shinji Ikari
45%
HoriMiya Kyoko Hori
44%
Fairytail Lucy Heartfilia
44%
Darling in the Franxx Zero Two
44%
My Dress Up Darling Marin Kitagawa
42%
Cowboy Bebop Spike spiegel
42%
Vinland Saga Thorfinn
42%
JJBA Jonathan Joestar
40%
Fire Force Shinra Kusakabe
40%
Blue Lock Yoichi Isagi
40%
Fullmetal Alchemist Alphonse Elric
38%
JJBA Joseph Joestar
38%
Re:Zero Subaru Natsuki
38%
JJBA Giorno Giovanna
36%
That time I got reincarnatedas a slime Rimuru Tempest
36%
Gachiakuta Rudo Surebrec
36%
Soul Eater Soul Evans
36%
Gintama Gintoki
33%
HoriMiya Izumi Miyamura
33%
Soul Eater Maka Albarn
33%
Gurren Lagann Simon
33%
Tokyo Revengers Takemichi
33%
Fruits Basket Tohru Honda
33%
JJBA Jolyne Kujo
31%
JJBA Josuke Higashikata
31%
JJBA Johnny Joestar
29%
Hell's Paradise Gabimaru
25%
Danganronpa Makoto Naegi
25%
A Silent Voice Shoya Ishida
25%
Darling in the Franxx Hiro
18%
Steins;Gate Rintaro Okabe
18%
Konosuba Kazuma Satou
16%
Your Lie in April Kousei Arima
16%
Yu Yu Hakusho Yusuke
16%
Pokemon Horizons Liko
13%
Pokemon Horizons Roy
11%
From me to you Sawako Kuronuma
11%
Blue Box Taiki Inomata
11%
Monster Kenzo Tenma
9%
The Rising of the ShieldHero Naofumi Iwatani
9%
To Your Eternity Fushi
7%
No matching quizzes found
Score Distribution
Percent of People with Each Score
Percentile by Number Answered
Your Score History
You have not taken this quiz